000 01248nam a22003254a 4500
001 ebr5008030
003 CaPaEBR
006 m u
007 cr cn|||||||||
008 991210s2000 enka sb 001 0 eng
010 _z 99089451
020 _z0521660823
040 _aCaPaEBR
_cCaPaEBR
035 _a(OCoLC)56066895
050 1 4 _aTJ254.5
_b.P48 2000eb
082 0 4 _a621.402/3
_221
100 1 _aPeters, Norbert.
245 1 0 _aTurbulent combustion
_h[electronic resource] /
_cNorbert Peters.
260 _aCambridge, [England] ;
_aNew York :
_bCambridge University Press,
_c2000.
300 _axvi, 304 p. :
_bill.
490 1 _aCambridge monographs on mechanics
504 _aIncludes bibliographical references (p. 267-293) and indexes.
533 _aElectronic reproduction.
_bPalo Alto, Calif. :
_cebrary,
_d2013.
_nAvailable via World Wide Web.
_nAccess may be limited to ebrary affiliated libraries.
650 0 _aCombustion engineering.
650 0 _aTurbulence.
655 7 _aElectronic books.
_2local
710 2 _aebrary, Inc.
830 0 _aCambridge monographs on mechanics.
856 4 0 _uhttp://site.ebrary.com/lib/rucke/Doc?id=5008030
_zAn electronic book accessible through the World Wide Web; click to view
999 _c5230
_d5230